Normal view
MARC view
Entry Topical Term
001 - CONTROL NUMBER
- control field: 28397
003 - CONTROL NUMBER IDENTIFIER
- control field: OSt
005 - DATE AND TIME OF LATEST TRANSACTION
- control field: 20211029113219.0
008 - FIXED-LENGTH DATA ELEMENTS
- fixed length control field: 211029|| aca||aabn | a|a d
040 ## - CATALOGING SOURCE
- Original cataloging agency: OSt
- Transcribing agency: OSt
150 ## - HEADING--TOPICAL TERM
- Topical term or geographic name entry element: Indian foreign service, Diplomatic agents, Diplomacy
670 ## - SOURCE DATA FOUND
- Source citation: Work cat.: (OSt): Komath, Ashwath 28396, ‘Localitis’ in state diplomacy: A study on cultural immersion and its effects on the Indian foreign service
